000 00750nam a2200253Ia 4500
003 OSt
005 20220918194430.0
006 a|||||r|||| 00| 0
007 ta
008 220917b |||||||| |||| 00| 0 eng d
024 _a79,415
037 _cTextual
040 _aARTS
_cARTS
_beng
041 _2eng
_aeng
082 _aS:4, K3
100 _aHill Winfred F
_984894
245 0 _aLearning
_b a survey of psychological interpretations
260 _aScranton
_bChandler
_c1963
300 _axii,249p.
_ccm.
490 _aChandler publications in educational psychology, ed by David G Ryans
650 _aTHEORY OF KNOWLEDGE; PSYCHOLOGY
_98686
942 _hS:4, K3
_cTEXL
_2CC
999 _c203141
_d203141